| 000 | 00665nam a2200229 a 4500 | ||
|---|---|---|---|
| 001 | BRCA_7704 | ||
| 005 | 20190320205943.0 | ||
| 008 | 230813s1953----enka######---#000-0#eng-# | ||
| 041 | _aeng | ||
| 044 | _aenk | ||
| 050 | 4 |
_aNK9244 _b.E24 1953 |
|
| 245 | 1 | 0 |
_aElizabethan embroidery _cVictoria and Albert Museum. |
| 260 |
_aLondres _bH. M. Stationery Office _c1953 |
||
| 300 |
_a1 v. _bil., 26 láminas _c18 cm. |
||
| 440 | 0 |
_aIts small picture book _v5 _919039 |
|
| 500 | _aU41 | ||
| 650 | 1 | 4 |
_aBordado ingles _919040 |
| 650 | 1 | 4 |
_aGalerías y museos _zInglaterra _919041 |
| 710 | 2 |
_aVictoria and Albert Museum (Londres) _919042 |
|
| 902 | _aGFM | ||
| 942 |
_2lcc _cB |
||
| 999 |
_c7378 _d7378 |
||